000
00318nam a22001457a 4500
008
210302b ||||| |||| 00| 0 eng d
020
_a
2900132904871
041
_a
eng
080
_a
316
082
_a
316
100
_a
50
101
_a
SOC
245
_a
Ethics Theory and Practice
_c
Velasquez, M
942
_2
udc
_c
BK
999
_c
55430
_d
55430